logo

Bir Sreshtho Munshi Abdur Rouf Library
Jhenaidah Cadet College

The American polity : (Record no. 9322)

MARC details
000 -LEADER
fixed length control field 00771pam a2200265 a 4500
001 - CONTROL NUMBER
JCCL Control Number 9322
003 - CONTROL NUMBER IDENTIFIER
JCCL marc code BD-JhCC
005 - DATE AND TIME OF LATEST TRANSACTION
control field 20180312195719.0
008 - FIXED-LENGTH DATA ELEMENTS--GENERAL INFORMATION
fixed length control field 880413s1989 nyua b 001 0 eng
020 ## - INTERNATIONAL STANDARD BOOK NUMBER
International Standard Book Number 039395787X
035 ## - SYSTEM CONTROL NUMBER
system control number (BD-JhCC)9322
040 ## - CATALOGING SOURCE
Original cataloging agency DLC
Transcribing agency DLC
Modifying agency DLC
-- BD-JhCC
041 ## - LANGUAGE CODE
Language code of Book eng
050 00 - LIBRARY OF CONGRESS CALL NUMBER
Classification number JK274
Item number .L23 1989
082 00 - DEWEY DECIMAL CLASSIFICATION NUMBER
Classification number 320.973
DDC Edition number 19
Author mark and Year LAD 1989
100 1# - MAIN ENTRY--PERSONAL NAME
Personal name Ladd, Everett Carll.
245 14 - TITLE STATEMENT
Title The American polity :
Remainder of title the people and their government /
Statement of responsibility, etc Everett Carll Ladd.
250 ## - EDITION STATEMENT
Edition statement 3rd ed.
260 ## - PUBLICATION, DISTRIBUTION, ETC. (IMPRINT)
Place of publication, distribution, etc New York :
Name of publisher, distributor, etc W.W. Norton,
Date of publication, distribution, etc c1989.
300 ## - PHYSICAL DESCRIPTION
Pagination xxvi, 714, [70] p. :
Other physical details ill. ;
Dimensions 24 cm.
504 ## - BIBLIOGRAPHY, ETC. NOTE
Bibliography, etc Includes bibliographical references.
651 #0 - SUBJECT ADDED ENTRY--GEOGRAPHIC NAME
Geographic name United States
General subdivision Politics and government.
942 ## - ADDED ENTRY ELEMENTS (KOHA)
Source of classification or shelving scheme Dewey Decimal Classification
Koha item type Books
Holdings
Source of classification or shelving scheme Damaged status Not for loan Home library Current library Shelving location Total Checkouts Full call number Barcode Date last seen Copy number Koha item type
Dewey Decimal Classification     JCC Rouf Library JCC Rouf Library General Stacks   320.973 LAD 1989 12458 03/12/2018 C - 1 Books

JCC Library | Contacts | JCC Home

Last Update on 23 September 2017
Copyright @ 2017-2020 JCC Rouf Library
Rouf Library, Jhenidah Cadet College (JCC), Bangladesh